000 00405nam a2200133Ia 4500
008 220217s9999 xx 000 0 und d
100 _aSreeja, B.
245 0 _aFactors affecting fatty acid soap catalysed acid coagulation of fresh field latex
260 _bMahatma Gandhi University
_a Kottayam
_c1993
500 _aAvailable in RT
500 _aCourse: M.Sc.
700 _aDr Rosamma Alex
942 _cTS
999 _c74412
_d74412